[Event "Interclubs Adultes"]
[Site "TOURS"]
[Date "2008.03.09"]
[Round "6.5"]
[White "Mullon, Jean-Baptiste"]
[Black "Thimognier, Dominique"]
[Result "1-0"]
[WhiteElo "2329"]
[BlackElo "2081"]
[PlyCount "40"]
[EventDate "2008.03.09"]
[WhiteTeam "Clichy II"]
[BlackTeam "Tours"]

1. e4 c5 2. Nf3 Nc6 3. Nc3 e6 4. Bb5 Nge7 5. O-O a6 6. Bxc6 Nxc6 7. d4 cxd4 8.
Nxd4 Be7 9. Nxc6 bxc6 10. e5 d5 11. exd6 Qxd6 12. Qg4 Kf8 13. Rd1 Qc7 14. Qc4
a5 15. Bf4 Qa7 16. Bd6 Bb7 17. Na4 Rc8 18. Nc5 Ba8 19. Bxe7+ Qxe7 20. Rd7 Qg5
1-0

[Event "Interclubs Adultes"]
[Site "TOURS"]
[Date "2008.03.09"]
[Round "6.7"]
[White "Sorbe, Stephane"]
[Black "Devallee, Jeremie"]
[Result "1-0"]
[WhiteElo "2321"]
[BlackElo "1967"]
[PlyCount "61"]
[EventDate "2008.03.09"]
[WhiteTeam "Clichy II"]
[BlackTeam "Tours"]

1. e4 e6 2. d4 d5 3. Nd2 b6 4. c3 Bb7 5. e5 c5 6. f4 Nc6 7. Ndf3 Qd7 8. Bd3 Nh6
9. Ne2 Be7 10. O-O f5 11. exf6 Bxf6 12. Ne5 Nxe5 13. fxe5 Be7 14. Bxh6 gxh6 15.
Nf4 O-O-O 16. Nxe6 Kb8 17. Nxd8 Bxd8 18. Qh5 cxd4 19. cxd4 Bg5 20. Rad1 Qa4 21.
Qg4 Rg8 22. Kh1 h5 23. Qe6 Rd8 24. Rf8 Qb4 25. Rxd8+ Bxd8 26. Qd6+ Qxd6 27.
exd6 Bc6 28. Rf1 Bg5 29. Rf8+ Kb7 30. Rf7+ Kb8 31. Ba6 1-0

[Event "Interclubs Adultes"]
[Site "TOURS"]
[Date "2008.03.09"]
[Round "6.8"]
[White "Legrand, Heloise"]
[Black "Marchadour, Emilie"]
[Result "0-1"]
[WhiteElo "2012"]
[BlackElo "2121"]
[PlyCount "64"]
[EventDate "2008.03.09"]
[WhiteTeam "Tours"]
[BlackTeam "Clichy II"]

1. e4 c5 2. Nf3 e6 3. c3 g6 4. d4 cxd4 5. cxd4 Bg7 6. Nc3 a6 7. Bf4 Ne7 8. b4
O-O 9. Bc4 b5 10. Bb3 Bb7 11. Qd3 Qb6 12. a3 Nbc6 13. Be3 Qd8 14. e5 d6 15.
exd6 Qxd6 16. Ne4 Qd8 17. Rd1 Nd5 18. Nc5 Bc8 19. O-O Nce7 20. Ng5 Nf5 21. Nge4
Nfe7 22. Qd2 f5 23. Ng5 f4 24. Ngxe6 Bxe6 25. Nxe6 fxe3 26. fxe3 Rxf1+ 27. Rxf1
Qb6 28. Ng5 h6 29. Qa2 Rd8 30. Nh3 Kh7 31. Rf7 Qe6 32. Rxe7 Qxe7 0-1

[Event "Interclubs Adultes"]
[Site "PARIS CHESS XV"]
[Date "2008.03.10"]
[Round "7.1"]
[White "Solodovnichenko, Yuri"]
[Black "Sebag, Marie"]
[Result "1/2-1/2"]
[WhiteElo "2541"]
[BlackElo "2510"]
[PlyCount "112"]
[EventDate "2008.03.10"]
[WhiteTeam "Niort"]
[BlackTeam "Chalons en Champagne"]

1. e4 c5 2. Nc3 Nc6 3. Nge2 Nf6 4. d4 cxd4 5. Nxd4 e5 6. Ndb5 d6 7. Bg5 a6 8.
Na3 b5 9. Nd5 Be7 10. Bxf6 Bxf6 11. c4 b4 12. Nc2 Rb8 13. g3 Bg5 14. h4 Bh6 15.
Bh3 Bb7 16. O-O O-O 17. b3 a5 18. Qd3 Ne7 19. Nce3 Bxe3 20. Qxe3 Nc6 21. Rac1
Nd4 22. f4 Re8 23. Qf2 Bxd5 24. exd5 f5 25. Rfd1 Qb6 26. Kf1 Qc5 27. Rd3 g6 28.
h5 e4 29. Rxd4 e3 30. Qb2 e2+ 31. Ke1 Re3 32. Rd2 Rbe8 33. h6 Rc3 34. Rxe2
Rxe2+ 35. Qxe2 Re3 36. Rd1 Rxe2+ 37. Kxe2 a4 38. Kf3 Kf7 39. g4 fxg4+ 40. Bxg4
Qa7 41. Be6+ Kf8 42. f5 gxf5 43. Bxf5 Qf7 44. Kg4 Qg8+ 45. Kh5 Qg2 46. Rd3 Ke7
47. bxa4 Kf6 48. Bg4 Qxa2 49. Rf3+ Ke7 50. Re3+ Kd8 51. Re6 Qh2+ 52. Kg5 b3 53.
Bf5 Qg3+ 54. Kh5 Qh2+ 55. Kg5 Qd2+ 56. Kh5 Qh2+ 1/2-1/2

[Event "Interclubs Adultes"]
[Site "PARIS CHESS XV"]
[Date "2008.03.10"]
[Round "7.2"]
[White "Barsov, Alexei"]
[Black "David, Vincent"]
[Result "1-0"]
[WhiteElo "2521"]
[BlackElo "2398"]
[PlyCount "42"]
[EventDate "2008.03.10"]
[WhiteTeam "Chalons en Champagne"]
[BlackTeam "Niort"]

1. d4 d5 2. c4 dxc4 3. e3 e5 4. Bxc4 exd4 5. exd4 Nf6 6. Nf3 Be7 7. O-O O-O 8.
Nc3 Nbd7 9. Re1 Nb6 10. Bb3 c6 11. Bf4 Re8 12. Qd3 Nbd5 13. Be5 h6 14. Bxf6
Nxf6 15. Ne5 Be6 16. Bxe6 fxe6 17. Qg6 Qxd4 18. Qf7+ Kh7 19. Qg6+ Kg8 20. Nf7
Ng4 21. Ne4 Rf8 1-0

[Event "Interclubs Adultes"]
[Site "PARIS CHESS XV"]
[Date "2008.03.10"]
[Round "7.3"]
[White "Stets, Dmitry"]
[Black "Stojanovic, Mihajlo"]
[Result "1/2-1/2"]
[WhiteElo "2427"]
[BlackElo "2555"]
[PlyCount "36"]
[EventDate "2008.03.10"]
[WhiteTeam "Niort"]
[BlackTeam "Chalons en Champagne"]

1. e4 e6 2. d3 d5 3. Nd2 Nf6 4. Ngf3 Nc6 5. c3 e5 6. Be2 Be7 7. O-O a5 8. Re1
O-O 9. b3 Re8 10. Bb2 Bf8 11. a3 dxe4 12. dxe4 b6 13. Qc2 Bb7 14. Nf1 Nb8 15.
Bc4 c6 16. Rad1 Nbd7 17. h4 Re7 18. Ng3 g6 1/2-1/2

[Event "Interclubs Adultes"]
[Site "PARIS CHESS XV"]
[Date "2008.03.10"]
[Round "7.4"]
[White "Belkhodja, Slim"]
[Black "Tranchant, Sebastien"]
[Result "1-0"]
[WhiteElo "2478"]
[BlackElo "2247"]
[PlyCount "79"]
[EventDate "2008.03.10"]
[WhiteTeam "Chalons en Champagne"]
[BlackTeam "Niort"]

1. e4 c5 2. Nf3 d6 3. d4 cxd4 4. Qxd4 a6 5. c4 Nc6 6. Qd2 Nf6 7. Nc3 g6 8. b3
Bg7 9. Bb2 O-O 10. Be2 Bg4 11. O-O Qa5 12. Rab1 Rfc8 13. a3 Nd7 14. Rfd1 Qd8
15. Nd5 Bxb2 16. Qxb2 Qf8 17. Nd4 Bxe2 18. Qxe2 Rd8 19. h4 Rac8 20. h5 e6 21.
Ne3 Nde5 22. Rd2 g5 23. Rbd1 Qg7 24. Nxc6 Rxc6 25. b4 g4 26. Qf1 Qg5 27. c5 Kh8
28. Rxd6 Rcxd6 29. Rxd6 Rg8 30. Qa1 g3 31. Qe1 Qf4 32. h6 Qxe4 33. fxg3 f6 34.
Qf2 Qb1+ 35. Qf1 Qg6 36. Rxe6 Qxh6 37. Qf4 Qg6 38. Rxf6 Qxg3 39. Qxg3 Rxg3 40.
Nf5 1-0

[Event "Interclubs Adultes"]
[Site "PARIS CHESS XV"]
[Date "2008.03.10"]
[Round "7.5"]
[White "Demuth, Adrien"]
[Black "Cossin, Sebastien"]
[Result "1/2-1/2"]
[WhiteElo "2249"]
[BlackElo "2438"]
[PlyCount "131"]
[EventDate "2008.03.10"]
[WhiteTeam "Niort"]
[BlackTeam "Chalons en Champagne"]

1. d4 Nf6 2. c4 g6 3. Nc3 Bg7 4. e4 d6 5. Nf3 O-O 6. Be2 e5 7. O-O Nc6 8. d5
Ne7 9. b4 Nh5 10. Re1 f5 11. Ng5 Nf6 12. Bf3 c6 13. b5 cxd5 14. cxd5 h6 15. Ne6
Bxe6 16. dxe6 fxe4 17. Nxe4 Nxe4 18. Bxe4 d5 19. Ba3 dxe4 20. Qxd8 Rfxd8 21.
Bxe7 Re8 22. Bc5 Rxe6 23. Be3 a6 24. a4 axb5 25. axb5 Rxa1 26. Rxa1 Rd6 27. g3
Kf7 28. Ra4 Ke6 29. Rxe4 Kd5 30. Ra4 e4 31. Kg2 h5 32. f3 Re6 33. Ra8 exf3+ 34.
Kxf3 Rf6+ 35. Ke2 Rf8 36. Ra4 Rc8 37. Kd2 Bc3+ 38. Kd3 Be5 39. Bd4 Bd6 40. Be3
Be5 41. Bd4 Re8 42. Bc3 Re6 43. Ra7 Re7 44. Ra4 Rc7 45. Bd4 Bd6 46. Be3 Bc5 47.
Bxc5 Rxc5 48. Rd4+ Ke5 49. Rb4 Rd5+ 50. Ke3 Kd6 51. Rf4 Ke6 52. Re4+ Kf6 53.
Rb4 b6 54. Rf4+ Ke6 55. Re4+ Kf6 56. Rf4+ Kg7 57. Rb4 g5 58. h4 g4 59. Ke4 Rc5
60. Kf4 Kf6 61. Ke4 Rc3 62. Rd4 Ke6 63. Kf4 Rc5 64. Re4+ Kf6 65. Rb4 Rf5+ 66.
Ke4 1/2-1/2

[Event "Interclubs Adultes"]
[Site "PARIS CHESS XV"]
[Date "2008.03.10"]
[Round "7.6"]
[White "Karim, Ismael"]
[Black "Do, Huu-Thi"]
[Result "1-0"]
[WhiteElo "2366"]
[BlackElo "2168"]
[PlyCount "61"]
[EventDate "2008.03.10"]
[WhiteTeam "Chalons en Champagne"]
[BlackTeam "Niort"]

1. e4 c5 2. Nf3 e6 3. d4 cxd4 4. Nxd4 a6 5. Bd3 Bc5 6. Nb3 Ba7 7. O-O h5 8. Qe2
Nc6 9. Be3 Bb8 10. Kh1 Nf6 11. f4 Ng4 12. Bg1 g5 13. fxg5 Qxg5 14. N1d2 Nce5
15. Nd4 Ng6 16. N4f3 Qe7 17. Nc4 b5 18. Nb6 Bb7 19. Nxa8 Bxa8 20. a4 Nf4 21.
Qd2 b4 22. Bxa6 h4 23. Ba7 Bc7 24. Bb6 h3 25. gxh3 Rxh3 26. Bxc7 Rxh2+ 27. Nxh2
Bxe4+ 28. Rf3 Nd5 29. Bg3 f5 30. Bd3 Nxh2 31. Bxe4 1-0

[Event "Interclubs Adultes"]
[Site "PARIS CHESS XV"]
[Date "2008.03.10"]
[Round "7.7"]
[White "Voisembert, Alain"]
[Black "Marechal, Andy"]
[Result "0-1"]
[WhiteElo "2118"]
[BlackElo "2301"]
[PlyCount "56"]
[EventDate "2008.03.10"]
[WhiteTeam "Niort"]
[BlackTeam "Chalons en Champagne"]

1. e4 g6 2. d4 Bg7 3. f4 c6 4. Nc3 d5 5. Nf3 Bg4 6. e5 h5 7. Bd3 Nh6 8. h3 Bxf3
9. Qxf3 e6 10. Be3 Nf5 11. Bf2 h4 12. O-O-O Bf8 13. Ne2 Be7 14. c4 dxc4 15.
Bxc4 Nd7 16. g4 hxg3 17. Nxg3 Nh4 18. Qg4 Nb6 19. Bb3 Nd5 20. Ne4 Nf5 21. Rd3
Rh5 22. Kb1 Bh4 23. Ng3 Bxg3 24. Bxg3 Nxg3 25. Rxg3 Rh4 26. Qg5 Nxf4 27. Rf1
Qxg5 28. Rxg5 Rd8 0-1

[Event "Interclubs Adultes"]
[Site "PARIS CHESS XV"]
[Date "2008.03.10"]
[Round "7.8"]
[White "Mancini, Mario"]
[Black "Marchais, Aurelie"]
[Result "1-0"]
[WhiteElo "2225"]
[BlackElo "1784"]
[PlyCount "93"]
[EventDate "2008.03.10"]
[WhiteTeam "Chalons en Champagne"]
[BlackTeam "Niort"]

1. e4 c6 2. d4 d5 3. Nc3 dxe4 4. Nxe4 Bf5 5. Ng3 Bg6 6. Nf3 Nd7 7. h4 h6 8. h5
Bh7 9. Bd3 Bxd3 10. Qxd3 Qc7 11. Bd2 Ngf6 12. O-O-O e6 13. Kb1 O-O-O 14. c4 c5
15. Qe2 Bd6 16. Ne4 Nxe4 17. Qxe4 Nf6 18. Qe2 Kb8 19. Bc3 cxd4 20. Nxd4 a6 21.
Nb3 Qc6 22. f3 Rd7 23. g4 Rhd8 24. Rd4 Bc7 25. Rhd1 Bf4 26. Rxd7 Rxd7 27. Rxd7
Qxd7 28. Bxf6 gxf6 29. Kc2 Kc7 30. Qe4 Qd6 31. a3 Qe5 32. Nc5 Qxe4+ 33. Nxe4
Bg5 34. Nxg5 fxg5 35. f4 f6 36. fxg5 fxg5 37. Kd3 Kd6 38. Kd4 b6 39. b4 e5+ 40.
Ke4 a5 41. c5+ bxc5 42. bxc5+ Kxc5 43. Kxe5 a4 44. Kf6 Kc4 45. Kg6 Kb3 46. Kxh6
Kxa3 47. Kxg5 1-0

[Event "Interclubs Adultes"]
[Site "PARIS CHESS XV"]
[Date "2008.03.10"]
[Round "7.1"]
[White "Murey, Jacob"]
[Black "Gharamian, Tigran"]
[Result "1-0"]
[WhiteElo "2411"]
[BlackElo "2558"]
[PlyCount "149"]
[EventDate "2008.03.10"]
[WhiteTeam "Chess XV"]
[BlackTeam "Cappelle la Grande"]

1. d4 d5 2. c4 c6 3. Nc3 Nf6 4. Nf3 a6 5. h3 e6 6. c5 b6 7. Be3 bxc5 8. dxc5
Nbd7 9. b4 e5 10. Bg5 Qc7 11. e3 Be7 12. a3 Ng8 13. e4 d4 14. Na4 Bxg5 15. Nxg5
h6 16. Nf3 Ngf6 17. Nd2 O-O 18. Bc4 a5 19. O-O Ba6 20. Qe2 Qb7 21. Rfb1 axb4
22. axb4 Bxc4 23. Qxc4 Rfb8 24. f3 Ra7 25. Qb3 Qa8 26. Qd1 Rb5 27. Nc4 Qb8 28.
Qe1 Ne8 29. Nab6 Nxb6 30. Nxb6 Nf6 31. Ra5 Raxa5 32. bxa5 Rxb1 33. Qxb1 Ne8 34.
Qa2 Nc7 35. Nc4 Ne6 36. a6 Qa7 37. Nxe5 Nxc5 38. Nxf7 Kh7 39. Ne5 Nxa6 40. Nxc6
Qd7 41. Qd5 Qc7 42. e5 Kh8 43. Qd6 d3 44. Kf2 Qb6+ 45. Nd4 Qb2+ 46. Kg3 Kh7 47.
Nf5 Qc3 48. Qe7 Qc7 49. Qxc7 Nxc7 50. Kf2 Nd5 51. g3 g6 52. Ne3 d2 53. Nd1 h5
54. Ke2 h4 55. gxh4 Kg7 56. Kxd2 Kf7 57. Kd3 Nf4+ 58. Ke4 Nxh3 59. f4 Ke6 60.
Kf3 Kf5 61. Ne3+ Ke6 62. Kg3 Ng1 63. Kg4 Kf7 64. h5 gxh5+ 65. Kxh5 Ke6 66. Kg4
Ne2 67. Nf5 Kd5 68. Nh4 Ke6 69. Nf3 Nc3 70. f5+ Kf7 71. Ng5+ Kg7 72. f6+ Kg6
73. f7 Kg7 74. e6 Nd5 75. Nh7 1-0

[Event "Interclubs Adultes"]
[Site "PARIS CHESS XV"]
[Date "2008.03.10"]
[Round "7.2"]
[White "Winants, Luc"]
[Black "Glicenstein, Asher"]
[Result "1-0"]
[WhiteElo "2525"]
[BlackElo "2259"]
[PlyCount "61"]
[EventDate "2008.03.10"]
[WhiteTeam "Cappelle la Grande"]
[BlackTeam "Chess XV"]

1. d4 Nf6 2. Bg5 e6 3. e3 c5 4. Nf3 h6 5. Bh4 b6 6. c4 Bb7 7. Nc3 cxd4 8. exd4
Bb4 9. Bd3 Bxf3 10. gxf3 Nc6 11. a3 Be7 12. Bc2 Na5 13. c5 bxc5 14. dxc5 Bxc5
15. b4 Bb6 16. Ne4 Nb7 17. Nxf6+ gxf6 18. Qd2 a5 19. O-O Rc8 20. Bb3 Qe7 21.
Rad1 Rc7 22. Kh1 h5 23. Rg1 axb4 24. axb4 Nd8 25. Qf4 e5 26. Qxf6 Qxf6 27. Bxf6
Rf8 28. Bxe5 Rb7 29. Bd6 Rh8 30. Rd5 Ne6 31. Rxh5 1-0

[Event "Interclubs Adultes"]
[Site "PARIS CHESS XV"]
[Date "2008.03.10"]
[Round "7.3"]
[White "Steimer, Michel"]
[Black "Carlier, Bruno"]
[Result "0-1"]
[WhiteElo "2165"]
[BlackElo "2401"]
[PlyCount "80"]
[EventDate "2008.03.10"]
[WhiteTeam "Chess XV"]
[BlackTeam "Cappelle la Grande"]

1. d4 g6 2. c4 Bg7 3. Nc3 c5 4. d5 f5 5. Nh3 d6 6. g3 Bxc3+ 7. bxc3 Nf6 8. Bg2
Qa5 9. Qc2 Nbd7 10. O-O Qa6 11. Ng5 Qxc4 12. Ne6 Rb8 13. Re1 Nb6 14. e4 Bxe6
15. dxe6 fxe4 16. Bxe4 Qa4 17. Qd3 Nxe4 18. Rxe4 Qc6 19. Bh6 Kd8 20. Rd1 Kc7
21. Bg5 Rbe8 22. c4 h6 23. Bc1 Rd8 24. Ree1 g5 25. Bb2 Rhe8 26. Rc1 Kb8 27. Qg6
Qa4 28. Qxh6 Nxc4 29. Bc3 d5 30. Qxg5 d4 31. Bd2 Nxd2 32. Qxd2 Rd5 33. Qf4+ Kc8
34. Qf7 d3 35. Rc4 d2 36. Rxa4 dxe1=Q+ 37. Kg2 Rdd8 38. Qf5 Qc3 39. Rxa7 Qd4
40. Ra8+ Kc7 0-1

[Event "Interclubs Adultes"]
[Site "PARIS CHESS XV"]
[Date "2008.03.10"]
[Round "7.4"]
[White "Jossien, Remy"]
[Black "Mayaud, Raphael"]
[Result "1/2-1/2"]
[WhiteElo "2278"]
[BlackElo "2200"]
[PlyCount "64"]
[EventDate "2008.03.10"]
[WhiteTeam "Cappelle la Grande"]
[BlackTeam "Chess XV"]

1. d4 d5 2. Nc3 Nf6 3. Bg5 Nbd7 4. f3 e6 5. e4 h6 6. Bh4 Be7 7. e5 Nh7 8. Bxe7
Qxe7 9. f4 O-O 10. Nf3 c5 11. Bd3 cxd4 12. Nxd4 f6 13. exf6 Nhxf6 14. Qf3 e5
15. Nxd5 Qc5 16. Nxf6+ Rxf6 17. Nb3 Qb4+ 18. c3 Qxf4 19. O-O Qxf3 20. Rxf3 Rxf3
21. gxf3 Kf7 22. Kf2 b6 23. Re1 Kf6 24. Rg1 g5 25. h4 Nf8 26. Nd2 Bf5 27. hxg5+
hxg5 28. Bxf5 Kxf5 29. Ne4 Ne6 30. Ng3+ Kg6 31. Re1 Kf6 32. Ne4+ Kg6 1/2-1/2

[Event "Interclubs Adultes"]
[Site "PARIS CHESS XV"]
[Date "2008.03.10"]
[Round "7.6"]
[White "Couche, Didier"]
[Black "Roman, Dimitri"]
[Result "1-0"]
[WhiteElo "2122"]
[BlackElo "2091"]
[PlyCount "131"]
[EventDate "2008.03.10"]
[WhiteTeam "Cappelle la Grande"]
[BlackTeam "Chess XV"]

1. d4 Nf6 2. c4 d6 3. Nc3 Nbd7 4. Bg5 c6 5. Nf3 Qc7 6. e3 e5 7. Bd3 Be7 8. Qc2
Nf8 9. h3 Be6 10. Bh4 Ng6 11. Bg3 Nd7 12. d5 cxd5 13. cxd5 Bxd5 14. Nxd5 Qa5+
15. Nc3 Rc8 16. Qa4 Qxa4 17. Nxa4 O-O 18. O-O f5 19. Bb5 Nf6 20. Rac1 a6 21.
Be2 b5 22. Nc3 Rc5 23. a4 Rfc8 24. axb5 axb5 25. Nd2 Nd5 26. Na2 Ra8 27. Rxc5
dxc5 28. Bxb5 Nb6 29. Nc3 Kf8 30. Nc4 Nxc4 31. Bxc4 f4 32. Bh2 Bd6 33. Rd1 Bc7
34. g3 fxe3 35. fxe3 e4 36. g4 Ne5 37. Bxe5 Bxe5 38. Nxe4 Bxb2 39. Rf1+ Ke8 40.
Nxc5 Ra3 41. Rb1 Bf6 42. Rb8+ Ke7 43. Rb7+ Kd6 44. Ne4+ Kc6 45. Rb3 Ra1+ 46.
Kg2 Be5 47. Rd3 Rc1 48. Bd5+ Kc7 49. Rd2 Re1 50. Kf3 h6 51. Be6 Rf1+ 52. Nf2
Bf6 53. Ke2 Rg1 54. Rd1 Rg2 55. Kf3 Rh2 56. Rh1 Rxh1 57. Nxh1 Kd6 58. Bf7 Ke5
59. Nf2 Bg5 60. Nd3+ Kf6 61. Bc4 Bh4 62. Ke4 Bg3 63. Nf4 Kg5 64. Kf3 Kh4 65.
Bf1 Be1 66. Ng2+ 1-0

[Event "Interclubs Adultes"]
[Site "PARIS CHESS XV"]
[Date "2008.03.10"]
[Round "7.7"]
[White "Allaf, Alice"]
[Black "Marchyllie, Bruno"]
[Result "0-1"]
[WhiteElo "1499"]
[BlackElo "2164"]
[PlyCount "72"]
[EventDate "2008.03.10"]
[WhiteTeam "Chess XV"]
[BlackTeam "Cappelle la Grande"]

1. e4 b6 2. d4 Bb7 3. Bd3 e6 4. Nf3 Nf6 5. Qe2 d5 6. e5 Ne4 7. Nbd2 Nxd2 8.
Bxd2 c5 9. c3 Be7 10. O-O Nc6 11. a3 c4 12. Bc2 Na5 13. Rfb1 Bc6 14. Be3 Qd7
15. Nd2 Ba4 16. b3 cxb3 17. Nxb3 Bxb3 18. Bxb3 Nxb3 19. Rxb3 Rc8 20. a4 Rc4 21.
a5 b5 22. Bd2 a6 23. Qg4 Kf8 24. f4 h5 25. Qh3 g6 26. Rf1 Kg7 27. Qd3 Ra4 28.
Rf3 Rxa5 29. Rh3 Ra1+ 30. Rb1 Rxb1+ 31. Qxb1 a5 32. Qd3 a4 33. Qb1 Qc6 34. Qa2
Rb8 35. Bc1 b4 36. cxb4 Qxc1+ 0-1

[Event "Interclubs Adultes"]
[Site "PARIS CHESS XV"]
[Date "2008.03.10"]
[Round "7.8"]
[White "Husson, Cybele"]
[Black "Hourcade, Jean"]
[Result "0-1"]
[WhiteElo "2033"]
[BlackElo "1499"]
[PlyCount "134"]
[EventDate "2008.03.10"]
[WhiteTeam "Cappelle la Grande"]
[BlackTeam "Chess XV"]

1. e4 c6 2. d4 d5 3. Nd2 Nf6 4. e5 Ng8 5. Bd3 Nh6 6. Ndf3 Bf5 7. Ne2 Bxd3 8.
Qxd3 e6 9. O-O Nf5 10. b3 Be7 11. h3 h5 12. Ng3 g6 13. c4 Ng7 14. cxd5 cxd5 15.
Qb5+ Qd7 16. Qxd7+ Kxd7 17. Bg5 Ba3 18. Bf6 Rg8 19. Bxg7 Rxg7 20. Rfd1 Nc6 21.
Kf1 Rc8 22. Rd2 Nb4 23. Ne1 Rgg8 24. Ne2 Rc6 25. Nd3 Nxd3 26. Rxd3 Rc2 27. Ke1
Rgc8 28. Kd1 Bb2 29. Rb1 Ba3 30. Rd2 R2c7 31. b4 Rc4 32. b5 b6 33. Rb3 Be7 34.
Rbb2 Bb4 35. Rdc2 Ba5 36. Kc1 Be1 37. f3 Bf2 38. Rxc4 Rxc4+ 39. Rc2 Rb4 40. Rb2
Be3+ 41. Kc2 Rc4+ 42. Kd3 Bf2 43. Rb3 Ra4 44. Rb2 Ra3+ 45. Kd2 Be3+ 46. Kc2 Kc7
47. f4 h4 48. Rb3 Rxa2+ 49. Kd3 Bf2 50. Rc3+ Kd7 51. Rc2 Ra5 52. Nc1 Bg3 53.
Ra2 Bxf4 54. Rxa5 bxa5 55. Nb3 Bg5 56. Nxa5 Kc7 57. Kc3 Kb6 58. Nc6 a6 59. Nb8
Kxb5 60. Nd7 Be7 61. Nb8 a5 62. Nd7 a4 63. Nb8 Kb6 64. Nd7+ Kc7 65. Nf6 Bxf6
66. exf6 Kd6 67. Kb4 e5 0-1

[Event "Interclubs Adultes"]
[Site "TOURS"]
[Date "2008.03.10"]
[Round "7.1"]
[White "Bojkov, Dejan"]
[Black "Silva, Sebastian"]
[Result "1/2-1/2"]
[WhiteElo "2523"]
[BlackElo "2369"]
[PlyCount "99"]
[EventDate "2008.03.10"]
[WhiteTeam "Migné-Auxances"]
[BlackTeam "Clichy II"]

1. e4 c5 2. Nf3 Nc6 3. Bb5 e5 4. O-O Nge7 5. c3 g6 6. d4 cxd4 7. cxd4 exd4 8.
Nxd4 Bg7 9. Nf3 d5 10. Nc3 d4 11. Ne2 O-O 12. h3 Qb6 13. Bc4 Na5 14. Bd3 Be6
15. b3 Nec6 16. Ba3 Nb4 17. Nf4 Nxd3 18. Nxe6 Nb2 19. Qb1 fxe6 20. Bxf8 Rxf8
21. Qxb2 d3 22. Qd2 Bxa1 23. Rxa1 Rd8 24. Qc3 Nc6 25. Rd1 Qb4 26. Rxd3 Qxe4 27.
Rxd8+ Nxd8 28. Qc7 Qd5 29. Ne5 Qd1+ 30. Kh2 Qd4 31. Nd7 Kg7 32. f4 Nf7 33. Nc5
Kf6 34. Nxb7 h5 35. Na5 e5 36. fxe5+ Nxe5 37. Qc8 Qf2 38. Qc3 Qxa2 39. Nc4 Qe2
40. Qd4 Ke6 41. Qd6+ Kf5 42. Qc5 Ke6 43. Qc8+ Ke7 44. Qb7+ Kf6 45. Qa6+ Kg5 46.
Qa5 Kf6 47. Qd8+ Ke6 48. Qd6+ Kf5 49. Qf8+ Ke6 50. Qd6+ 1/2-1/2

[Event "Interclubs Adultes"]
[Site "TOURS"]
[Date "2008.03.10"]
[Round "7.2"]
[White "Rainfray, Arnaud"]
[Black "Bedouin, Xavier"]
[Result "0-1"]
[WhiteElo "2406"]
[BlackElo "2363"]
[PlyCount "62"]
[EventDate "2008.03.10"]
[WhiteTeam "Clichy II"]
[BlackTeam "Migné-Auxances"]

1. e4 c5 2. c3 Nf6 3. e5 Nd5 4. d4 cxd4 5. Nf3 e6 6. cxd4 d6 7. a3 Bd7 8. Bd3
Bc6 9. O-O Nd7 10. b4 a6 11. Re1 Rc8 12. Ng5 Be7 13. Qh5 g6 14. Qh6 Bf8 15. Qh3
dxe5 16. dxe5 Bg7 17. Qg3 Bb5 18. Bxg6 hxg6 19. Nxe6 fxe6 20. Qxg6+ Kf8 21.
Qxe6 Nxe5 22. Qf5+ Nf7 23. Ra2 Qd7 24. Qf3 Ne7 25. Be3 Qd5 26. Qxd5 Nxd5 27.
Bc5+ Kg8 28. Rd2 Nf4 29. f3 Ne5 30. Bd6 Ned3 31. Rf1 Bd4+ 0-1

[Event "Interclubs Adultes"]
[Site "TOURS"]
[Date "2008.03.10"]
[Round "7.3"]
[White "Inkiov, Ventzislav"]
[Black "Mullon, Jean-Baptiste"]
[Result "1/2-1/2"]
[WhiteElo "2451"]
[BlackElo "2329"]
[PlyCount "76"]
[EventDate "2008.03.10"]
[WhiteTeam "Migné-Auxances"]
[BlackTeam "Clichy II"]

1. d4 d5 2. c4 c6 3. Nf3 Nf6 4. Nc3 dxc4 5. a4 Bf5 6. Nh4 Bc8 7. e3 e5 8. Bxc4
exd4 9. exd4 Be7 10. O-O O-O 11. Re1 Na6 12. Bg5 Nc7 13. Qb3 Nfd5 14. Nxd5 Bxg5
15. Nxc7 Qxc7 16. Nf3 Bf6 17. Ne5 Bf5 18. Re2 Bg6 19. Rae1 Rad8 20. h3 Rxd4 21.
a5 Bxe5 22. Rxe5 b5 23. axb6 Qxb6 24. Qa3 Qb8 25. b3 h6 26. Re7 Qd6 27. Qxd6
Rxd6 28. Rxa7 Rfd8 29. Ree7 Rf6 30. f3 h5 31. h4 Rd4 32. Re8+ Kh7 33. Rf8 Rxh4
34. Raa8 Kh6 35. Rh8+ Kg5 36. Rhg8 Kh6 37. Rh8+ Kg5 38. Rhg8 Kh6 1/2-1/2

[Event "Interclubs Adultes"]
[Site "TOURS"]
[Date "2008.03.10"]
[Round "7.4"]
[White "Delorme, Axel"]
[Black "Picard, Romain"]
[Result "1/2-1/2"]
[WhiteElo "2366"]
[BlackElo "2352"]
[PlyCount "50"]
[EventDate "2008.03.10"]
[WhiteTeam "Clichy II"]
[BlackTeam "Migné-Auxances"]

1. e4 e5 2. Nf3 d6 3. d4 exd4 4. Nxd4 Nf6 5. Nc3 Be7 6. Nde2 O-O 7. g3 Re8 8.
Bg2 Na6 9. O-O Bf8 10. Re1 Nc5 11. Nd4 a5 12. h3 a4 13. b3 axb3 14. cxb3 c6 15.
b4 Ncd7 16. b5 Qc7 17. g4 Ne5 18. Nf5 Qa5 19. Qc2 d5 20. Bg5 Nxe4 21. Nxe4 Bxf5
22. gxf5 dxe4 23. bxc6 Nxc6 24. Bxe4 Nd4 25. Qd3 Nc6 1/2-1/2

[Event "Interclubs Adultes"]
[Site "TOURS"]
[Date "2008.03.10"]
[Round "7.5"]
[White "Fougerit, Valentin"]
[Black "Sorbe, Stephane"]
[Result "1-0"]
[WhiteElo "2205"]
[BlackElo "2321"]
[PlyCount "61"]
[EventDate "2008.03.10"]
[WhiteTeam "Migné-Auxances"]
[BlackTeam "Clichy II"]

1. e4 c6 2. d4 d5 3. Nd2 dxe4 4. Nxe4 Bf5 5. Ng3 Bg6 6. h4 h6 7. Nh3 e6 8. Bc4
Bh7 9. Be3 Nf6 10. Qe2 Bd6 11. O-O-O Nbd7 12. Nf4 b5 13. Bd3 Qa5 14. Kb1 Bxf4
15. Bxf4 Nd5 16. Bd2 b4 17. Bxh7 Rxh7 18. Ne4 N7b6 19. Rh3 Rh8 20. Rf3 Ke7 21.
Nc5 Rhf8 22. Re1 Qb5 23. Qxe6+ fxe6 24. Rxe6+ Kd8 25. Rxf8+ Kc7 26. Rf7+ Nd7
27. Rxd7+ Kb6 28. Rb7+ Ka5 29. Rxb5+ Kxb5 30. b3 Rf8 31. f3 1-0

[Event "Interclubs Adultes"]
[Site "TOURS"]
[Date "2008.03.10"]
[Round "7.6"]
[White "Lagarde, Maxime"]
[Black "Saada, Julien"]
[Result "0-1"]
[WhiteElo "2268"]
[BlackElo "2267"]
[PlyCount "80"]
[EventDate "2008.03.10"]
[WhiteTeam "Clichy II"]
[BlackTeam "Migné-Auxances"]

1. e4 c6 2. d4 d5 3. e5 Bf5 4. Nf3 e6 5. Be2 Nd7 6. O-O Ne7 7. b3 Ng6 8. c4 f6
9. cxd5 exd5 10. Bd3 Bxd3 11. Qxd3 Be7 12. e6 Nb6 13. Qf5 Nc8 14. Re1 Nd6 15.
Qg4 O-O 16. h4 f5 17. Qh5 Ne4 18. Ng5 Nxg5 19. Bxg5 Qd6 20. Nd2 Bxg5 21. Qxg5
Rae8 22. Nf3 Qf4 23. Re3 Qxg5 24. hxg5 Re7 25. Kh2 Rfe8 26. Rae1 Nf8 27. Re5
Rxe6 28. Kh3 Ng6 29. Rxe6 Rxe6 30. Ne5 c5 31. Rc1 Nxe5 32. dxe5 Rc6 33. Rd1 d4
34. Kg3 Kf7 35. Kf4 Ke6 36. Rh1 b5 37. Kf3 c4 38. Ke2 Kxe5 39. Rxh7 d3+ 40. Kd1
c3 0-1

[Event "Interclubs Adultes"]
[Site "TOURS"]
[Date "2008.03.10"]
[Round "7.7"]
[White "Picard, Clement"]
[Black "Beudaert, Xavier"]
[Result "0-1"]
[WhiteElo "2199"]
[BlackElo "2345"]
[PlyCount "61"]
[EventDate "2008.03.10"]
[WhiteTeam "Migné-Auxances"]
[BlackTeam "Clichy II"]

1. e4 Nf6 2. e5 Nd5 3. d4 d6 4. Nf3 dxe5 5. Nxe5 c6 6. Bc4 g6 7. O-O Bg7 8. Re1
O-O 9. Bb3 Be6 10. Nd2 Nd7 11. Nef3 Nc7 12. c3 Bxb3 13. Qxb3 Rb8 14. Qa3 Re8
15. Qxa7 Na6 16. d5 Ndc5 17. Nc4 b5 18. Na5 Ra8 19. Nxc6 Rxa7 20. Nxd8 Rxd8 21.
Be3 Rad7 22. Nd4 Nd3 23. Re2 Bxd4 24. Bxd4 Nf4 25. Re4 Nxd5 26. a4 b4 27. h3
bxc3 28. Bxc3 Nxc3 29. bxc3 Rc8 30. Rc1 Rdc7 31. a5 0-1